| 000 | 01061 am a2200301 a 4500 | ||
|---|---|---|---|
| 999 |
_c200454327 _d72539 |
||
| 003 | TR-AnTOB | ||
| 005 | 20230922114012.0 | ||
| 007 | ta | ||
| 008 | 981222s1997 tu 000 0 tur d | ||
| 020 | _a9757692158 | ||
| 040 |
_aTR-AnTOB _beng _erda _cTR-AnTOB |
||
| 041 | _atur | ||
| 060 |
_aW 84 _bS275 1997 |
||
| 096 |
_aW84 _bS275 1997 |
||
| 111 | 1 |
_aSağlık Yönetiminde Devamlı Kalite İyileştirme Sempozyumu _d(1997 : _cAnkara) |
|
| 245 | 1 | 0 |
_aSağlık yönetiminde devamlı kalite iyileştirme = _bcontinuous quality improvement in health care / _ceditör Mithat Çoruh ; yayın kurulu şüheda Güray, Cihan Kafadar. |
| 264 | 1 |
_aAnkara : _bHaberal Eğitim Vakfı, _c1998. |
|
| 300 |
_axiv, 282 pages : _btables ; _c24 cm |
||
| 336 |
_2rdacontent _atext _btxt |
||
| 337 |
_2rdamedia _aunmediated _bn |
||
| 338 |
_2rdacarrier _avolume _bnc |
||
| 650 | 2 |
_aHealth Services Administration _zTurkey. _92220 |
|
| 700 | 1 |
_aÇoruh, Mithat. _4edt |
|
| 700 | 1 | _aGüray, Şüheda. | |
| 700 | 1 | _aKafadar, Cihan. | |
| 942 |
_2NLM _cBK |
||